000 00232nam a22000857a 4500
999 _c5532
_d5532
008 170118b xxu||||| |||| 00| 0 eng d
100 _92470
_aRowling .J.K
245 _aHarry Potter and the cursed Child
260 _aUK
_bGreat Britian
_c2016